Gaming Quiz

Random Gaming Quiz

Sid meier's Pirates Quiz Stats

 Plays Quiz not verified by Sporcle

Score 0/9 Timer 06:00
0 Plays Today
Initial Pirate % Correct
BBBlackbeard
95.6%
HMHenry Morgan
88.9%
SBStede Bonnet
62.2%
CKCaptain Kidd
62.2%
BRBart Roberts
57.8%
JRJack Rackham
57.8%
JLJean Lafitte
51.1%
RBRoc Brasiliano
31.1%
FLFrançois l'Ollonais
15.6%

You're not logged in!

Compare scores with friends on all Sporcle quizzes.
OR
Log In

Sporcle TV

Today on Sporcle TV


Watch our educational content, quiz creation guides, and fun videos on Sporcle TV.

Show Comments

Extras

Created Nov 26, 2010ReportNominate
Tags:initial, meier, pirate, sid

Top Quizzes Today


Score Distribution

Your Account Isn't Verified!

In order to create a playlist on Sporcle, you need to verify the email address you used during registration. Go to your Sporcle Settings to finish the process.

Report this User

Report this user for behavior that violates our Community Guidelines.

Details: